00861nam a2200253Ia 450000500170000000800410001702000190005808200140007710000250009124500830011625000190019930000430021849000420026165000400030365000510034365000310039494200120042526400320043733600270046933700330049633800280052904000350055799900150059220220317001142.0160825s2009 sp a g 000 0 spa  a9788434222401204a752bB71t1 aBraunstein, Mercedes10aTodo sobre la técnica del colorctextos y coordinación Mercedes Braunstein a4a. edición  a144 páginas bilustraciones c28 cm  aManual imprescindible para el artista142LEMBaColorvManuales xTécnicas 142LEMBaColores en el artevManuales xTécnica142LEMBaTeoría del color  2ddccBK aBarcelonabParramónc2008 atextobtxt2rdacontent asin mediaciónbn2rdamedia avolumenbnc2rdacarrier aCO-BoRNBPbspaerdacCO-BoRNBP c6086d6086